TV Characters with the Same Name Quiz Stats

Quiz Updated Mar 15, 2014

Challenge
Share
Tweet
Score 0/21 Timer 06:00
2 Plays Today
% Correct
Barney (How I Met Your Mother, The Flintstones)
98.3%
Fred (Angel, The Flintstones)
97.7%
Lisa (The Simpsons, Saved by the Bell)
93.6%
Daphne (Scooby Doo, Frasier)
88.7%
Phoebe (Friends, Charmed)
86.3%
Olive (Pushing Daisies, Popeye)
85.1%
Elaine (Seinfeld, Taxi)
79.6%
Grace (Will & Grace, The Mentalist)
78.9%
Carla (Cheers, Scrubs)
69.4%
Hayley/Haley (American Dad, Modern Family)
58.1%
Veronica (Better off Ted, Veronica Mars)
54.1%
% Correct
Tracy (30 Rock, Heroes)
52.6%
Andy (Parks & Rec, Cougar Town)
48%
Shirley (Community, Laverne and Shirley)
46.1%
Izzie/Isabel (Grey's Anatomy, Roswell)
42.8%
Kate (The Drew Carey Show, Castle)
40.5%
Zelda (Sabrina the Teenage Witch, Sabrina the Animated Series)
39.5%
Joan (Mad Men, Clone High)
30.7%
Randy (My Name is Earl, Enlisted)
29.8%
Max (Happy Endings, Pokémon)
19%
Nicky/Nicki (Orange is the New Black, Big Love)
15.4%

You're not logged in!

Compare scores with friends on all Sporcle quizzes.
Sign Up with Email
OR
Log In

You Might Also Like...

Show Comments

Extras

Top Quizzes Today


Score Distribution

Your Account Isn't Verified!

In order to create a playlist on Sporcle, you need to verify the email address you used during registration. Go to your Sporcle Settings to finish the process.